UBT Library

Selling : (Record no. 44899)

000 -LEADER
fixed length control field 00731cam a2200229 a 4500
001 - CONTROL NUMBER
control field 1653178
005 - DATE AND TIME OF LATEST TRANSACTION
control field 20180313084336.0
008 - FIXED-LENGTH DATA ELEMENTS--GENERAL INFORMATION
fixed length control field 970509s1998 mauab b 001 0 eng
010 ## - LIBRARY OF CONGRESS CONTROL NUMBER
LC control number 97021684
020 ## - INTERNATIONAL STANDARD BOOK NUMBER
International Standard Book Number 0256228264 (alk. paper)
040 ## - CATALOGING SOURCE
Original cataloging agency DLC
Transcribing agency DLC
Modifying agency DLC
041 ## - LANGUAGE CODE
Language code of text/sound track or separate title eng
080 ## - UNIVERSAL DECIMAL CLASSIFICATION NUMBER
Universal Decimal Classification number 658.05 BER
082 00 - DEWEY DECIMAL CLASSIFICATION NUMBER
Classification number 658.85 BER
Edition number 21
100 1# - Rafti
Rafti 58
101 ## - Shkurtesa
Shkurtesa SHI
245 10 - TITLE STATEMENT
Title Selling :
Statement of responsibility, etc Bart A. Weitz, Stephen B. Castleberry, John F. Tanner, Jr.
504 ## - BIBLIOGRAPHY, ETC. NOTE
Bibliography, etc Includes bibliographical references and indexes.
906 ## - LOCAL DATA ELEMENT F, LDF (RLIN)
a 7
b cbc
c orignew
d 1
e ocip
f 19
g y-gencatlg
942 ## - ADDED ENTRY ELEMENTS (KOHA)
Source of classification or shelving scheme
Item type Books
Holdings
Withdrawn status Lost status Source of classification or shelving scheme Damaged status Not for loan Collection code Permanent location Current location Shelving location Date acquired Total Checkouts Full call number Barcode Date last seen Price effective from Koha item type
          Koleksioni i përgjithshem UBT - Lipjan UBT - Lipjan Koleksioni i përgjithshem 03/13/2018   658.85 BER 002-3002022 03/13/2018 03/13/2018 Books
UBT Library © 2015-2024. All rights reserved University Education for Business and Technology